00858 2200313 4500001002100000005001500021035002000036007000300056040001700059100002900076245007100105250001000176300002900186020002200215041000800237082000800245084001400253090002500267264004100292336002100333337003000354338002300384650001700407850001000424008004100434700002500475990002200500990002200522INLIS00000000000935020260421024509 a0010-1122000309ta aSBPUPADbind0 aSanti Rahayu;ePengarang1 aDelapan Puluh Dua Desain Bordir /cSanti Rahayu ; editor, Rinawati aCet.1 a64 hlm. :bilus. ;c21cm a978-602-9186-38-30 aind a746 a746 SAN d a621.3 SYA d L 19 R 5 aSurabaya :bTrubus Agrisarana,c2012 2rdacontentateks 2rdamediaatanpa perantara 2rdacarrieravolume 4aketerampilan aPUPAD260421 0  aRinawati;ePengarang a35/524/S/DPK/2021 a35/509/S/DPK/2021